000 00227nam a2200097Ia 4500
008 190216s9999||||xx |||||||||||||| ||und||
100 _aKhanna. Ml
245 0 _aTheory Of Equation
260 _bPragathi Prakashan
942 _cBK
999 _c32593
_d32593